The Killers: Albums by Cover - Statistics

General Stats
  • This quiz has been taken 24 times
  • The average score is 5 of 7
Answer Stats
Picture Hint Answer % Correct
2004 Hot Fuss
100%
2006 Sam's Town
83%
2008 Day & Age
78%
2012 Battle Born
72%
2020 Imploding the Mirage
67%
2017 Wonderful Wonderful
61%
2021 Pressure Machine
56%
No matching quizzes found
Score Distribution
Percent of People with Each Score
Percentile by Number Answered
Your Score History
You have not taken this quiz